00998nam a2200277 a 450000100100000000500170001000800410002702000150006804000200008304100380010308200180014110000330015924000340019224500830022626000600030930000260036949000170039553400410041265000280045365000280048170000370050983000260054604900090057295201220058199900170070300002371320200930022417.0101221s1988 mx r 000 e spa d a8478203168 aDO-SdBNPcBNPHU17aspabeng2Código de idioma MARC a824.91bD998a1 aDyson, Freemand1923-94883310aWeapons and hope.lEspañol.10aArmas y esperanza /cFreeman John Dyson ; traducción de Juan José Utrilla. aMéxico, D. F. :bFondo de Cultura Económica,c1988. a506, [6] p. ;c17 cm.1 aPopularv357 aTítulo original:tWeapons and hope 4aEnsayos ingleses942620 4aLiteratura inglesa94981 aUtrilla, Juan Joséetr.944259 0aPopular ;v357913374 aBNGR 001054708MOaGRbGRcCTd2010-12-21iLF1l0o824.91 D998ap23713-10r2020-06-25w2020-06-25y4ZPréstamo en sala c23209d23209